| 000 | 00522nam a2200181Ia 4500 | ||
|---|---|---|---|
| 003 | OSt | ||
| 005 | 20260204102054.0 | ||
| 020 | _a0-7131-8268-7 | ||
| 040 | _cLIBRARY OF CONGRESS | ||
| 050 | _aPE 1128 .L681986 C.1 | ||
| 100 | _aLOTT, BERNARD | ||
| 245 | 0 | _aA COURSE IN ENGLISH LANGUAGE AND LITERATURE | |
| 260 |
_aAUSTRALIA _bEDWARD ARNOLD PTY LTD _c1986 |
||
| 300 | _aVIII,175P. | ||
| 500 | _aINCLUDES INDEX | ||
| 600 | _a1. ENGLISH LITERATURE--STUDY AND TEACHING 2. ENGLISH LANGUAGE--RHETORIC | ||
| 942 |
_cBK _2lcc |
||
| 999 |
_c173710 _d173710 |
||